Arizona energy : (Record no. 184326)
[ view plain ]
| 000 -LEADER | |
|---|---|
| fixed length control field | 00918 a2200217 4500 |
| 003 - CONTROL NUMBER IDENTIFIER | |
| control field | NUST |
| 005 - DATE AND TIME OF LATEST TRANSACTION | |
| control field | 20221216153422.0 |
| 010 ## - LIBRARY OF CONGRESS CONTROL NUMBER | |
| LC control number | 76020232 |
| 020 ## - INTERNATIONAL STANDARD BOOK NUMBER | |
| International Standard Book Number | 0816505624 : |
| 040 ## - CATALOGING SOURCE | |
| Transcribing agency | Nust |
| 082 00 - DEWEY DECIMAL CLASSIFICATION NUMBER | |
| Classification number | 333.79,ARI |
| 245 00 - TITLE STATEMENT | |
| Title | Arizona energy : |
| Remainder of title | a framework for decision / |
| Statement of responsibility, etc. | contributors, Kenneth K. Barnes ... [et al.] ; M. Ellen Hale, editor. |
| 260 ## - PUBLICATION, DISTRIBUTION, ETC. | |
| Place of publication, distribution, etc. | Tucson : |
| Name of publisher, distributor, etc. | University of Arizona Press, |
| Date of publication, distribution, etc. | 1976. |
| 300 ## - PHYSICAL DESCRIPTION | |
| Extent | xiv, 160 p. : |
| Other physical details | ill. ; |
| Dimensions | 22 cm. |
| 505 ## - FORMATTED CONTENTS NOTE | |
| Formatted contents note | Arizona Energy Economy (Page-1), Energy Conversion And Use (Page-19), Arizona Potential Energy Resources And Their Availability (Page-43), Energy Decision Making In Arizona (Page-108), Where Do We Go From Here? (Page-132). |
| 650 #0 - SUBJECT ADDED ENTRY--TOPICAL TERM | |
| Topical term or geographic name entry element | Energy policy |
| Geographic subdivision | Arizona. |
| 9 (RLIN) | 105105 |
| 650 #0 - SUBJECT ADDED ENTRY--TOPICAL TERM | |
| Topical term or geographic name entry element | Power resources |
| Geographic subdivision | Arizona. |
| 9 (RLIN) | 105106 |
| 700 1# - ADDED ENTRY--PERSONAL NAME | |
| Personal name | Barnes, Kenneth Kirtland, |
| Dates associated with a name | 1921- |
| 9 (RLIN) | 105107 |
| 700 1# - ADDED ENTRY--PERSONAL NAME | |
| Personal name | Hale, M. Ellen. |
| 9 (RLIN) | 105108 |
| 942 ## - ADDED ENTRY ELEMENTS (KOHA) | |
| Source of classification or shelving scheme | |
| Koha item type | Book |
| Call number prefix | 333.79,ARI |
| Withdrawn status | Lost status | Source of classification or shelving scheme | Damaged status | Not for loan | Permanent Location | Current Location | Shelving location | Date acquired | Full call number | Barcode | Date last seen | Price effective from | Koha item type | Public note |
|---|---|---|---|---|---|---|---|---|---|---|---|---|---|---|
| Military College of Signals (MCS) | Military College of Signals (MCS) | General Stacks | 12/12/2016 | 333.79,ARI | MCS21890 | 12/08/2016 | 12/12/2016 | Book | Almirah No.50, Shelf No.3 |
